| 000 | 00954nam a22002297a 4500 | ||
|---|---|---|---|
| 005 | 20170518141540.0 | ||
| 010 | _a1617CH-EN | ||
| 020 |
_a9780143332473 _c299.00 |
||
| 035 | _aB-642950-973 | ||
| 035 | _aB-669764 | ||
| 037 |
_aDPL _bBSB/ven |
||
| 082 | _a230 | ||
| 100 | _aPattanaik, Devdutt | ||
| 245 |
_aPashu : _cby Devdutt Pattanaik _banimal tales from hindu mythology / |
||
| 260 |
_aGurgaon _bPuffin Books _c2014 |
||
| 270 |
_a7th Floor, Infinity Tower C, DLF Cyber City, _bGurgaon _e122002 |
||
| 300 |
_a165p. _c20cm(pbk) |
||
| 710 | _a | ||
| 942 |
_2ddc _cCH _h230 _mPAT |
||
| 999 |
_c100917 _d100917 |
||